| 000 | 00888nam a22003490a 4500 | ||
|---|---|---|---|
| 001 | PT13918 | ||
| 003 | AR-LpoUNG | ||
| 005 | 20210131232610.0 | ||
| 008 | 191001s1997||||ag |||||||||||||||||spa d | ||
| 037 | _c$5 | ||
| 040 |
_aAR-LpoUNG _bspa _cAR-LpoUNG _eaacr |
||
| 041 | _aspa | ||
| 044 | _aag | ||
| 082 | 0 | _a982.063 697 | |
| 100 | 1 |
_aBauer, Tristán _edir. |
|
| 245 | 1 | 0 |
_aEvita : _bla tumba sin paz |
| 260 |
_aBuenos Aires : _bPágina 12 - South Productions, _c1997. |
||
| 300 |
_a31 p. : _bgráfs. |
||
| 650 | 4 | _aARGENTINA | |
| 650 | 4 | _aASPECTOS POLITICOS | |
| 650 | 4 | _aBIOGRAFIAS | |
| 650 | 4 | _aCONFLICTOS | |
| 650 | 4 | _aDELITOS | |
| 650 | 4 | _aTERRORISMO | |
| 650 | 4 | _aVIOLENCIA | |
| 700 | 1 |
_aBonasso, Federico _emús. |
|
| 700 | 1 |
_aBonasso, Miguel _egui. |
|
| 700 | 1 |
_aLedesma, Inda _enarr. |
|
| 700 | 1 |
_aSkalon, Ana de _eprod. |
|
| 905 | _a13918 | ||
| 942 | _cLIB | ||
| 999 |
_c16459 _d16459 |
||